Návrh zdokonalenia systému starostlivosti o zamestnancov v spoločnosti Hornonitrianske bane Prievidza, a.s.

Gespeichert in:
Bibliographische Detailangaben
1. Verfasser: Vraňaková, Natália (Verfasst von)
Weitere Verfasser: Szabó, Peter (Betreuung Doktorarbeit)
Format: Manuskript Buch
Sprache:Slowakisch
Veröffentlicht: 2016
Schlagworte:
Online-Zugang:http://is.stuba.sk/zp/portal_zp.pl?podrobnosti=118291
Tags: Tag hinzufügen
Keine Tags, Fügen Sie das erste Tag hinzu!

MARC

LEADER 00000ntm a22000003a 4500
001 stuzp55884
003 SK-STU
005 20160719154837.2
007 ta
008 150427s2015----xo-----f-mn---000-0-slo-d
040 |a STU  |b slo 
041 0 |a slo 
100 1 |a Vraňaková, Natália  |u 064000  |k Z4  |4 aut  |U MTF Materiálovotechnologická fakulta  |T MTF Ústav priemyselného inžinierstva a manažmentu  |X 61908  |U M4000  |Y 84  |7 A000061908 
242 0 1 |a Proposals for improvement of care for employees in the company Hornonitrianske bane Prievidza, a. s.  |y eng 
245 1 0 |a Návrh zdokonalenia systému starostlivosti o zamestnancov v spoločnosti Hornonitrianske bane Prievidza, a.s. 
260 |c 2016 
650 4 |a ľudské zdroje  |2 slo 
650 4 |a systém starostlivosti o zamestnancov  |2 slo 
650 4 |a motivácia zamestnancov  |2 slo 
650 4 |a personálny manažment  |2 slo 
650 4 |a human resource  |2 eng 
650 4 |a care of employees  |2 eng 
650 4 |a employee motivation  |2 eng 
650 4 |a personnel management  |2 eng 
700 1 |a Szabó, Peter  |u 064000  |k Z1  |4 ths  |U MTF Materiálovotechnologická fakulta  |T MTF Ústav priemyselného inžinierstva a manažmentu  |X 19244  |U M4000  |Y 84  |7 A000019244 
856 4 |u http://is.stuba.sk/zp/portal_zp.pl?podrobnosti=118291 
996 |c M* DP-12748  |l MMSKP  |s P  |a 0  |w stuzp55884_0001 
SQL |a stuzp55884  |b DDP  |c SLO  |d Návrh zdokonalenia systému starostlivosti o zamestnancov v spoločnosti Hornonitrianske bane Prievidza, a.s.  |e 61908  |f Vraňaková, Natália  |g 064000  |h 19244  |i Szabó, Peter  |j 20160530  |k 189  |l 06  |m http://is.stuba.sk/zp/portal_zp.pl?podrobnosti=118291  |n I-PMA  |o 5.2.52. priemyselné inžinierstvo